Tratado de organización, costos y balances /

Guardado en:
Autor Principal: Cholvis, Francisco.
Formato: Libro
Idioma:Spanish
Publicado: Buenos Aires : Leconex, 1978.
Etiquetas: Agregar Etiqueta
Sin Etiquetas, Sea el primero en etiquetar este registro!
LEADER 00544nam a22001575a 4500
001 EUN.um034792
003 AR-BaUNS
005 20050623122908.0
008 041125s1978####ag#a##########000#0#spa#d
245 1 0 |a Tratado de organización, costos y balances /  |c Francisco Cholvis. 
260 |a Buenos Aires :  |b Leconex,  |c 1978. 
300 |a 6 v. :  |b ilus. ;  |c 23 cm. 
100 1 |a Cholvis, Francisco. 
082 0 4 |a 658 
859 |a Ar-BaUNS  |b BIB. CENTRAL - Sector C  |h 658  |i C453a8  |p 80692/978  |v v.5 
859 |a Ar-BaUNS  |b BIB. CENTRAL - Sector C  |h 658  |i C453a8  |p 80697/978  |t Ej.2  |v v.5